Introducción a las Ciencias Sociales

Պահպանված է:
Մատենագիտական մանրամասներ
Հիմնական հեղինակ: Leclercq, Jacques (Հեղինակ)
Ձևաչափ: Գիրք
Լեզու:իսպաներեն
Հրապարակվել է: Madrid Guadarrama 1966
Հրատարակություն:2a. ed
Շարք:Textos Universitarios, 2
Խորագրեր:
Ցուցիչներ: Ավելացրեք ցուցիչ
Չկան պիտակներ, Եղեք առաջինը, ով նշում է այս գրառումը!

MARC

LEADER 00000nam a2200000 a 4500
001 UCG2010
003 CL-VaPUC
005 20220319074522.0
008 100603e19660000SP |||||||||||||||||spa|d
999 |c 341253  |d 341251 
040 |c Pontificia Universidad Católica de Valparaíso 
082 0 4 |a 300 LEC 1966  |2 21 
100 |a Leclercq, Jacques  |e author  |9 581394 
245 1 0 |a Introducción a las Ciencias Sociales 
250 |a 2a. ed 
260 |a Madrid  |b Guadarrama  |c 1966 
300 |a 334 p 
490 0 |a Textos Universitarios, 2 
583 |a last modification  |c 20100603 00:00:00  |k Rodrigo Vera 
650 0 |a Ciencias sociales   |9 256351 
650 7 |a DERECHO  |2 CL-VaPUC  |9 550191 
650 0 |a Ética  |9 255099 
650 0 |a Comportamiento moral  |9 334569 
650 0 |a Filosofía social  |9 268191 
650 0 |a Sociología   |9 255410 
942 |c BK  |2 ddc 
945 |d 20100603 00:00:00  |a dcastane 
952 |0 0  |1 0  |4 0  |6 300_000000000000000_LEC_1966  |7 0  |8 A  |9 436625  |a BIBDER  |b BIBDER  |d 2019-11-22  |i 468382K  |o 300 LEC 1966  |p 468382K  |r 2023-01-25  |w 2019-11-22  |y BK  |k DER